[Event "Open Ybbs"]
[Site "?"]
[Date "2001.??.??"]
[Round "4"]
[White "Hechl, G."]
[Black "Dumancic, P."]
[Result "1-0"]
[WhiteElo "2151"]
[BlackElo "2098"]
[PlyCount "71"]

1. e4 e6 2. d3 c5 3. g3 Nc6 4. Bg2 Nf6 5. Nf3 Qc7 6. O-O Be7 7. Nc3 a6 8. a4
Rb8 9. Re1 d6 10. Bf4 e5 11. Bg5 Bg4 12. Bxf6 Bxf6 13. Nd5 Qd8 14. c3 h5 15. h3
Be6 16. Nd2 g5 17. Nc4 Bg7 18. Nce3 Ne7 19. Qf3 Nxd5 20. exd5 Bd7 21. d4 cxd4
22. cxd4 Kf8 23. dxe5 Bxe5 24. Nc4 g4 25. hxg4 hxg4 26. Qa3 Bf6 27. Qxd6+ Kg7
28. Be4 Rh5 29. Kg2 b5 30. axb5 axb5 31. Ne3 Be5 32. Qb4 f5 33. Bc2 Bf6 34. Ra7
f4 35. Qxf4 Be7 36. Nf5+ 1-0

[Event "Open Ybbs"]
[Site "?"]
[Date "2001.??.??"]
[Round "4"]
[White "Schwartz, C."]
[Black "Neumeier, K."]
[Result "0-1"]
[WhiteElo "2081"]
[BlackElo "2302"]
[PlyCount "34"]

1. b3 e5 2. Bb2 d6 3. g3 Nf6 4. Bg2 g6 5. d4 e4 6. d5 e3 7. f3 Bg7 8. Na3 O-O
9. c4 c6 10. dxc6 Qa5+ 11. Kf1 Ne4 12. Bxg7 Nd2+ 13. Ke1 Nxb3+ 14. Kf1 Nd2+ 15.
Ke1 Nxc4+ 16. Kf1 Nd2+ 17. Ke1 Kxg7 0-1

[Event "Open Ybbs"]
[Site "?"]
[Date "2001.??.??"]
[Round "4"]
[White "Todor, R."]
[Black "Krasser, M."]
[Result "1-0"]
[WhiteElo "2197"]
[BlackElo "2003"]
[PlyCount "63"]

1. d4 d5 2. Nf3 e6 3. c4 c6 4. Nc3 Bd6 5. e4 dxe4 6. Nxe4 Bc7 7. Bd3 Nf6 8. O-O
Nxe4 9. Bxe4 Nd7 10. Bg5 Nf6 11. Bc2 h6 12. Bh4 g5 13. Bg3 Ng4 14. Bxc7 Qxc7
15. h3 Nf6 16. Ne5 Nd7 17. Nd3 Qd6 18. d5 cxd5 19. cxd5 Qxd5 20. Bb3 Qd4 21.
Rc1 Ne5 22. Nxe5 Qxe5 23. Re1 Qf6 24. Ba4+ Kf8 25. Re3 Kg7 26. Rc7 Rf8 27. Qd3
Rd8 28. Qe2 Qf4 29. Qc2 b6 30. Qc3+ Qf6 31. Qc6 Bd7 32. Rxd7 1-0

[Event "Open Ybbs"]
[Site "?"]
[Date "2001.??.??"]
[Round "4"]
[White "Hudec, M."]
[Black "Fabisch, C."]
[Result "0-1"]
[WhiteElo "1984"]
[BlackElo "2188"]
[PlyCount "50"]

1. e4 c5 2. Nf3 g6 3. d4 Bg7 4. Bc4 cxd4 5. Nxd4 Nc6 6. Nxc6 bxc6 7. O-O d6 8.
Nc3 Qc7 9. Be3 Nf6 10. f3 O-O 11. Qe2 Nd7 12. Rfd1 Ne5 13. Bb3 a5 14. Na4 Ba6
15. Qf2 c5 16. a3 Rab8 17. Rab1 Bc4 18. Kh1 Rxb3 19. cxb3 Bxb3 20. Nc3 Bxd1 21.
Rxd1 Qb7 22. Qe2 Rb8 23. Bc1 c4 24. Rd5 Nd3 25. Bg5 Bxc3 0-1

[Event "Open Ybbs"]
[Site "?"]
[Date "2001.??.??"]
[Round "4"]
[White "Hamberger, J."]
[Black "Gattermayer, R."]
[Result "0-1"]
[WhiteElo "1939"]
[BlackElo "2105"]
[PlyCount "76"]

1. c4 e5 2. Nc3 Nf6 3. g3 c6 4. Nf3 d6 5. Bg2 Be7 6. O-O O-O 7. d3 Re8 8. Rb1
a5 9. a3 Bf8 10. b4 axb4 11. axb4 Bg4 12. h3 Bh5 13. Qb3 Na6 14. Na4 b5 15.
cxb5 cxb5 16. Nc3 Nc7 17. g4 Bg6 18. Nh4 Rb8 19. Nxg6 hxg6 20. Bg5 Qd7 21. Rfc1
Rec8 22. Bxf6 gxf6 23. Nd5 Nxd5 24. Bxd5 Bh6 25. e3 f5 26. Bf3 Kg7 27. Rxc8
Rxc8 28. Ra1 f4 29. exf4 Bxf4 30. Qd5 Rc2 31. Ra6 Qe7 32. Ra2 Rc1+ 33. Kg2 Qc7
34. Qxb5 Qc3 35. Re2 Qa1 36. Bd5 Rh1 37. Ra2 Qf1+ 38. Kf3 Rxh3+ 0-1

[Event "Open Ybbs"]
[Site "?"]
[Date "2001.??.??"]
[Round "4"]
[White "Wadsack, W."]
[Black "Titz, H."]
[Result "0-1"]
[WhiteElo "2105"]
[BlackElo "1981"]
[PlyCount "38"]

1. e4 c5 2. c3 d5 3. exd5 Qxd5 4. d4 e6 5. Nf3 Nf6 6. Bd3 Nc6 7. O-O Bd7 8. Be3
Rc8 9. c4 Qh5 10. Be2 cxd4 11. Nxd4 Qa5 12. Nc3 a6 13. Nb3 Qc7 14. c5 Nb4 15.
Bf3 Bc6 16. Bxc6+ Qxc6 17. Na5 Qc7 18. Qa4+ Nc6 19. Bf4 Qxa5 0-1

[Event "Open Ybbs"]
[Site "?"]
[Date "2001.??.??"]
[Round "4"]
[White "Janisch, R."]
[Black "Koller, H."]
[Result "1-0"]
[WhiteElo "2093"]
[BlackElo "2050"]
[PlyCount "25"]

1. d4 d5 2. c4 e6 3. Nc3 Nf6 4. Nf3 c6 5. Bg5 Be7 6. e3 Nbd7 7. Qc2 O-O 8.
O-O-O h6 9. h4 hxg5 10. hxg5 Ne4 11. Nxe4 dxe4 12. Qxe4 g6 13. Qh4 1-0

[Event "Open Ybbs"]
[Site "?"]
[Date "2001.??.??"]
[Round "4"]
[White "Lammer, S."]
[Black "Juricevic, A."]
[Result "1-0"]
[WhiteElo "2114"]
[BlackElo "1862"]
[PlyCount "51"]

1. e4 e6 2. d4 d5 3. e5 c5 4. c3 Nc6 5. Nf3 Qb6 6. Bd3 cxd4 7. cxd4 Bd7 8. O-O
Nxd4 9. Nxd4 Qxd4 10. Nc3 Qb6 11. Qg4 h5 12. Qf4 g6 13. Be3 Bh6 14. Qg3 Bxe3
15. fxe3 Ne7 16. Kh1 O-O-O 17. Rxf7 Nf5 18. Bxf5 gxf5 19. Rc1 Qxb2 20. Qe1 Bc6
21. Rb1 Qc2 22. Nb5 Rd7 23. Nd6+ Rxd6 24. exd6 Rg8 25. Rc7+ Kb8 26. Rbxb7+ 1-0

[Event "Open Ybbs"]
[Site "?"]
[Date "2001.??.??"]
[Round "4"]
[White "Ehs, C."]
[Black "Kropik, M."]
[Result "1/2-1/2"]
[WhiteElo "1837"]
[BlackElo "2035"]
[PlyCount "41"]

1. d4 Nf6 2. c4 g6 3. Nc3 d5 4. cxd5 Nxd5 5. e4 Nxc3 6. bxc3 Bg7 7. Bc4 O-O 8.
Ne2 c5 9. O-O Nc6 10. Be3 cxd4 11. cxd4 e6 12. Rb1 Na5 13. Bd3 b6 14. Qd2 Bb7
15. Rfc1 Qd7 16. Bb5 Qe7 17. f3 Rac8 18. h4 Rxc1+ 19. Rxc1 Rc8 20. Rxc8+ Bxc8
21. Qc1 1/2-1/2

[Event "Open Ybbs"]
[Site "?"]
[Date "2001.??.??"]
[Round "4"]
[White "Savio, A."]
[Black "Eichhorn, E."]
[Result "1-0"]
[WhiteElo "1976"]
[BlackElo "1763"]
[PlyCount "87"]

1. d4 c5 2. Nf3 cxd4 3. Nxd4 Nc6 4. Nc3 Nf6 5. e4 e5 6. Ndb5 d6 7. Bg5 a6 8.
Bxf6 gxf6 9. Na3 b5 10. Nd5 f5 11. Bd3 Be6 12. c3 Bxd5 13. exd5 Ne7 14. Nxb5
Bg7 15. Na3 e4 16. Qa4+ Kf8 17. Bc4 h5 18. Nc2 Rh6 19. O-O-O Nc8 20. Bb3 Nb6
21. Qa5 Qg5+ 22. Kb1 Nd7 23. Nd4 Bxd4 24. cxd4 Qxg2 25. Qc7 Ke7 26. Qc1 Qg7 27.
Qf4 Qf6 28. f3 Re8 29. fxe4 fxe4 30. Qxe4+ Kf8 31. Qd3 Rg6 32. Rhf1 Qg7 33. Ba4
Rg2 34. Rd2 Rxd2 35. Qxd2 Qg6+ 36. Bc2 Qg4 37. Bf5 Re2 38. Qh6+ Qg7 39. Qxd6+
Kg8 40. Qg3 Nf6 41. d6 Ng4 42. d7 Qxd4 43. Qb8+ Kg7 44. d8=Q 1-0

[Event "Open Ybbs"]
[Site "?"]
[Date "2001.??.??"]
[Round "5"]
[White "Neumeier, K."]
[Black "Hechl, G."]
[Result "1/2-1/2"]
[WhiteElo "2302"]
[BlackElo "2151"]
[PlyCount "33"]

1. e4 e5 2. Nf3 Nc6 3. d4 exd4 4. Nxd4 Bc5 5. Nxc6 Qf6 6. Qd2 dxc6 7. Nc3 Be6
8. Na4 Rd8 9. Bd3 Bd4 10. O-O b5 11. Nc3 Ne7 12. Ne2 Bxb2 13. Bxb2 Qxb2 14.
Rfb1 Qe5 15. a4 a6 16. axb5 axb5 17. Qb4 1/2-1/2

[Event "Open Ybbs"]
[Site "?"]
[Date "2001.??.??"]
[Round "5"]
[White "Gattermayer, R."]
[Black "Todor, R."]
[Result "0-1"]
[WhiteElo "2105"]
[BlackElo "2197"]
[PlyCount "72"]

1. e4 d5 2. d4 dxe4 3. Nc3 Bf5 4. f3 Nf6 5. Bg5 Nbd7 6. Bc4 h6 7. Bh4 c6 8. Qd2
g5 9. Bg3 Nb6 10. Bb3 Nbd5 11. O-O-O e6 12. Be5 Bb4 13. Bxd5 Nxd5 14. Nge2 f6
15. Bg3 exf3 16. gxf3 Qa5 17. Kb1 O-O-O 18. Be1 Qa6 19. Qc1 Nxc3+ 20. Nxc3 Rd7
21. a3 Be7 22. Qe3 Rhd8 23. Bf2 Bd6 24. Ne4 Bf4 25. Qe1 Bxe4 26. fxe4 Kb8 27.
h4 Qc4 28. hxg5 hxg5 29. Rh6 e5 30. Rxf6 exd4 31. e5 d3 32. c3 d2 33. Qg1 a6
34. Bd4 Qe2 35. e6 Re7 36. Rg6 Qe4+ 0-1

[Event "Open Ybbs"]
[Site "?"]
[Date "2001.??.??"]
[Round "5"]
[White "Fabisch, C."]
[Black "Janisch, R."]
[Result "0-1"]
[WhiteElo "2188"]
[BlackElo "2093"]
[PlyCount "102"]

1. g3 d5 2. Bg2 f5 3. Nf3 e6 4. O-O Nd7 5. d4 Be7 6. c4 c6 7. Qc2 Ndf6 8. Nbd2
Kf8 9. Ne5 Qe8 10. Ndf3 Ne4 11. Nd3 Ngf6 12. Nfe5 g6 13. Bh6+ Kg8 14. Rae1 g5
15. f3 Qh5 16. fxe4 dxe4 17. Nf2 Qxh6 18. Bxe4 Nd7 19. Nxd7 Bxd7 20. Bg2 Bf6
21. e3 Qf8 22. Nd3 Qd6 23. c5 Qc7 24. Qc4 Kg7 25. e4 Rae8 26. Ne5 Rhf8 27. Qc3
b5 28. Rf2 a5 29. Rfe2 b4 30. Qc1 h6 31. Kh1 Bxe5 32. dxe5 f4 33. Rd2 Bc8 34.
gxf4 Rxf4 35. Rd6 Ref8 36. Qe3 Qf7 37. Rxc6 Rf2 38. Rd6 Rxb2 39. Rd2 Rxd2 40.
Qxd2 Qf2 41. Qc1 Qxa2 42. c6 b3 43. Qc5 Qd2 44. Rg1 Qc2 45. Qa7+ Rf7 46. Qxa5
Qxc6 47. h4 Rf4 48. Qa7+ Qb7 49. Qxb7+ Bxb7 50. Rb1 Rxh4+ 51. Kg1 Bxe4 0-1

[Event "Open Ybbs"]
[Site "?"]
[Date "2001.??.??"]
[Round "5"]
[White "Titz, H."]
[Black "Lammer, S."]
[Result "1/2-1/2"]
[WhiteElo "1981"]
[BlackElo "2114"]
[PlyCount "23"]

1. d4 Nf6 2. Nf3 e6 3. c4 b6 4. Nc3 Bb4 5. Qb3 c5 6. a3 Bxc3+ 7. Qxc3 d5 8. Bg5
h6 9. Bxf6 Qxf6 10. cxd5 exd5 11. e3 O-O 12. dxc5 1/2-1/2

[Event "Open Ybbs"]
[Site "?"]
[Date "2001.??.??"]
[Round "5"]
[White "Dumancic, P."]
[Black "Wild, F."]
[Result "1/2-1/2"]
[WhiteElo "2098"]
[BlackElo "1930"]
[PlyCount "128"]

1. e4 e6 2. d4 d5 3. Nc3 Bb4 4. e5 c5 5. Qg4 Kf8 6. a3 Qa5 7. Bd2 h5 8. Qd1
Bxc3 9. Bxc3 Qc7 10. dxc5 Nc6 11. Nf3 Nge7 12. Bb5 Ng6 13. Bxc6 bxc6 14. O-O h4
15. Qd4 Ba6 16. Rfe1 h3 17. gxh3 Rxh3 18. Qg4 Rxf3 19. Qxf3 Ke7 20. Qg3 Rh8 21.
Re3 Ke8 22. Rd1 Qe7 23. b4 Qf8 24. f4 Nh4 25. Qf2 Nf5 26. Rf3 Rh4 27. Kh1 Qh8
28. Rg1 Qh5 29. Rg2 Bc4 30. Rfg3 Nxg3+ 31. Rxg3 d4 32. Be1 Rg4 33. Kg1 Rxg3+
34. Qxg3 Qe2 35. Qf2 Qg4+ 36. Qg3 Qe2 37. Qf2 Qg4+ 38. Qg2 Qxg2+ 39. Kxg2 d3
40. c3 Bb3 41. Kf3 Kd7 42. Bd2 Kc7 43. Ke4 Bc2 44. f5 exf5+ 45. Kxf5 Kd7 46. h4
Bb3 47. h5 Ke7 48. Bg5+ Ke8 49. h6 gxh6 50. Bxh6 Kd7 51. Ke4 Ke6 52. Bf4 f6 53.
exf6 Kxf6 54. Kxd3 a6 55. c4 Ba4 56. Kc3 Ke6 57. Bg3 Ke7 58. b5 axb5 59. Kb4
Kd7 60. Ka5 Kc8 61. cxb5 cxb5 62. Kb6 Bd1 63. c6 Be2 64. Bd6 Bf1 1/2-1/2

[Event "Open Ybbs"]
[Site "?"]
[Date "2001.??.??"]
[Round "5"]
[White "Kuert, E."]
[Black "Savio, A."]
[Result "1/2-1/2"]
[WhiteElo "1886"]
[BlackElo "1976"]
[PlyCount "38"]

1. f4 d5 2. b3 Nf6 3. Bb2 Bf5 4. e3 e6 5. Nf3 Nbd7 6. Be2 Be7 7. O-O O-O 8. Nd4
c5 9. Nxf5 exf5 10. d3 Re8 11. Bf3 Bf8 12. Qd2 Qe7 13. Re1 d4 14. e4 Ng4 15.
Bxg4 fxg4 16. Qf2 f5 17. Nd2 Qf7 18. exf5 Qxf5 19. Ne4 Nf6 1/2-1/2

[Event "Open Ybbs"]
[Site "?"]
[Date "2001.??.??"]
[Round "5"]
[White "Riedl, E."]
[Black "Wadsack, W."]
[Result "1/2-1/2"]
[WhiteElo "1551"]
[BlackElo "2105"]
[PlyCount "85"]

1. d3 d5 2. g3 e5 3. e3 c6 4. Ne2 h5 5. Bd2 Bg4 6. h3 Bf3 7. Rh2 h4 8. g4 Bd6
9. e4 dxe4 10. Bg2 Bxg2 11. Rxg2 exd3 12. cxd3 Na6 13. Qb3 Nc5 14. Qc2 Be7 15.
Nc1 Qd5 16. Kf1 Rd8 17. Nc3 Qf3 18. Be3 Ne6 19. N1e2 Nf4 20. Bxf4 exf4 21. Rd1
c5 22. Qa4+ Qc6 23. Qxc6+ bxc6 24. Nxf4 Nf6 25. f3 Bd6 26. Re2+ Kd7 27. Ng2 Nd5
28. Nxd5 cxd5 29. Ne3 d4 30. Nc4 Rhe8 31. Rxe8 Rxe8 32. Re1 Rb8 33. b3 f6 34.
Re2 Bf4 35. Rc2 Re8 36. Re2 Be3 37. Nxe3 dxe3 38. Rc2 Kd6 39. Ke2 Kd5 40. Rc4
Re6 41. Rc2 g6 42. Rc4 Ra6 43. Rc2 1/2-1/2

[Event "Open Ybbs"]
[Site "?"]
[Date "2001.??.??"]
[Round "5"]
[White "Schwaninger, W."]
[Black "Hudec, M."]
[Result "1-0"]
[WhiteElo "2143"]
[BlackElo "1984"]
[PlyCount "113"]

1. d4 Nf6 2. Nf3 g6 3. c4 Bg7 4. Nc3 d6 5. e4 O-O 6. h3 Nc6 7. Be3 e5 8. d5 Ne7
9. Qd2 c6 10. Rc1 cxd5 11. cxd5 Bd7 12. Be2 a6 13. O-O Kh8 14. Ne1 Neg8 15. Nd3
Ne8 16. b4 f6 17. f4 Qe7 18. fxe5 fxe5 19. Rxf8 Bxf8 20. Bg5 Qg7 21. Nf2 h6 22.
Be3 Be7 23. b5 Nef6 24. Na4 Bxb5 25. Nb6 Rf8 26. Bxb5 axb5 27. Rc7 Rf7 28. Rxb7
Nh5 29. Nc8 Bf8 30. Rxb5 Ng3 31. Rb1 h5 32. a4 Nf6 33. Qd3 Rb7 34. Nb6 g5 35.
a5 g4 36. h4 Qg6 37. a6 Ra7 38. Rb4 Bh6 39. Bxh6 Qxh6 40. Qxg3 Qc1+ 41. Kh2
Rxa6 42. Na4 Ra8 43. Nd3 Qf1 44. Rc4 Rb8 45. Rc1 Qe2 46. Re1 Qc2 47. Nab2 Rxb2
48. Nxb2 Qxb2 49. Qe3 g3+ 50. Kxg3 Ng4 51. Qf3 Kg7 52. Rf1 Qb8 53. Qf7+ Kh6 54.
Qe6+ Kg7 55. Rf7+ Kh8 56. Qg6 Qb3+ 57. Rf3 1-0

[Event "Open Ybbs"]
[Site "?"]
[Date "2001.??.??"]
[Round "5"]
[White "Fasser, W."]
[Black "Schwartz, C."]
[Result "0-1"]
[WhiteElo "1969"]
[BlackElo "2081"]
[PlyCount "100"]

1. Nf3 e6 2. c4 b6 3. Nc3 Bb7 4. e4 Bb4 5. d3 Ne7 6. Bd2 O-O 7. a3 Bxc3 8. Bxc3
d5 9. Qc2 a5 10. Be2 Na6 11. O-O Nc5 12. exd5 exd5 13. b4 axb4 14. axb4 Ne6 15.
Rxa8 Bxa8 16. Be5 Ng6 17. Bg3 f5 18. h3 f4 19. Bh2 Kh8 20. c5 bxc5 21. bxc5 d4
22. Nd2 Ng5 23. f3 Ne7 24. Ne4 Nd5 25. Ra1 Bc6 26. Bf1 Ne3 27. Qb2 h6 28. Kh1
Qd7 29. Qf2 Ne6 30. Qh4 Kh7 31. Be2 g5 32. Qe1 Nc2 33. Qb1 Nxa1 34. Qxa1 Ng7
35. Bd1 Nf5 36. Bb3 Kg7 37. Qa2 Ra8 38. Qb2 Bd5 39. Bg1 Bxb3 40. Qxb3 Ra1 41.
Kh2 Ne3 42. Bxe3 fxe3 43. Qb2 Ra5 44. Qb4 Ra6 45. Qb7 Ra2 46. Nd6 e2 47. Qd5
e1=Q 48. Nf5+ Qxf5 49. Qxf5 Qe7 50. h4 Re2 0-1

[Event "Open Ybbs"]
[Site "?"]
[Date "2001.??.??"]
[Round "5"]
[White "Furch, M."]
[Black "Zwettler, M."]
[Result "0-1"]
[WhiteElo "1917"]
[BlackElo "2074"]
[PlyCount "98"]

1. d4 g6 2. c4 Bg7 3. Nc3 d6 4. e4 Nc6 5. Be3 e5 6. dxe5 dxe5 7. Qxd8+ Nxd8 8.
Bd3 Ne6 9. Nge2 Nf6 10. f3 Nd7 11. O-O c6 12. Rfd1 Bf8 13. a3 a5 14. Bc2 Bc5
15. Kf2 Ke7 16. Bxc5+ Ndxc5 17. Rd2 a4 18. Rad1 Nc7 19. Nc1 f6 20. Nd3 N7e6 21.
Re1 Rd8 22. Rdd1 Rd4 23. Nxc5 Nxc5 24. Rxd4 exd4 25. Nb1 Be6 26. Nd2 Rb8 27. e5
f5 28. b4 axb3 29. Nxb3 Nxb3 30. Bxb3 Ra8 31. a4 b5 32. axb5 cxb5 33. Rc1 bxc4
34. Rxc4 Bxc4 35. Bxc4 Rc8 36. Bd3 Rc3 37. Ke2 f4 38. g3 fxg3 39. hxg3 Ke6 40.
f4 h6 41. g4 g5 42. Bf5+ Kd5 43. fxg5 hxg5 44. e6 Re3+ 45. Kd2 Rxe6 46. Bxe6+
Kxe6 47. Ke2 Kd5 48. Kd3 Ke5 49. Kd2 Kf4 0-1